Häufigste Nachnamen Deutschlands - Statistiken

Allgemein
  • Dieses Quiz wurde 872 mal gespielt
  • Das Durchschnittsergebnis liegt bei 83 aus 500
Antwortstatistiken
Antwort % Korrekt
Mueller
96%
Müller
96%
Schmid
83%
Mayer
78%
Meyer
78%
Meier
74%
Schmidt
73%
Schön
71%
Bauer
64%
Schneider
63%
Beck
61%
Fischer
59%
Schmitt
59%
Maier
58%
Becker
56%
Schulz
54%
Schwarz
54%
Klein
51%
Mann
51%
Berg
50%
Weis
50%
Hahn
49%
Groß
48%
Gross
48%
Wahl
48%
Baum
46%
Hoffmann
46%
Wagner
46%
Weber
46%
Braun
45%
Zimmer
45%
Neumann
44%
Hein
43%
Weiß
43%
Weiss
43%
Zimmermann
43%
Kohl
42%
König
42%
Schröder
42%
Wolf
42%
Koch
40%
Scholz
40%
Stein
40%
Berger
39%
Burger
39%
Hofmann
39%
Lang
39%
Peter
39%
Herrmann
38%
Werner
38%
Frank
37%
Richter
37%
Vogel
37%
Bach
36%
Jäger
36%
Kaiser
36%
Schulze
35%
Winter
35%
Herman
34%
Jahn
34%
Paul
34%
Roth
34%
Sommer
34%
Walter
34%
Bär
33%
Busch
33%
Hartmann
33%
Kraus
33%
Schäfer
33%
Schmitz
33%
Schuster
33%
Brand
32%
Jung
32%
Merkel
32%
Peters
32%
Friedrich
31%
Fuchs
31%
Huber
31%
Klaus
31%
Lange
31%
Lehmann
31%
Moll
31%
Schumacher
31%
Haas
30%
Kurz
30%
Ludwig
30%
Möller
30%
Ott
30%
Thomas
30%
Baumann
29%
Franz
29%
Krug
29%
Gärtner
28%
Graf
28%
Heinrich
28%
Heinz
28%
Köhler
28%
Krause
28%
Rose
28%
Brandt
27%
Fritz
27%
Karl
27%
Keller
27%
Krüger
27%
Bergmann
26%
Förster
26%
Maurer
26%
Ritter
26%
Schubert
26%
Engel
25%
Forster
25%
Herbst
25%
Martin
25%
Bayer
24%
Beyer
24%
Blum
24%
Ernst
24%
Kaufmann
24%
Metz
24%
Otto
24%
Schiller
24%
Wilhelm
24%
Meister
23%
Reiter
23%
Schultz
23%
Günther
22%
Heine
22%
Janssen
22%
Janßen
22%
Krämer
22%
Kramer
22%
Reich
22%
Schreiber
22%
Vogt
22%
Wiese
22%
Will
22%
Adler
21%
Franke
21%
Haase
21%
Jansen
21%
Raab
21%
Schumann
21%
Steiner
21%
Ullrich
21%
Bachmann
20%
Haag
20%
Kunz
20%
Simon
20%
Steffen
20%
Gruber
19%
Hansen
19%
John
19%
Kirsch
19%
Dietrich
18%
Petersen
18%
Ulrich
18%
Albrecht
17%
Altmann
17%
Böhm
17%
Christ
17%
Falk
17%
Fink
17%
Haupt
17%
Herzog
17%
Kühn
17%
Stark
17%
Arnold
16%
Brauer
16%
Hagen
16%
Hauser
16%
Hirsch
16%
Langer
16%
Miller
16%
Pohl
16%
Schulte
16%
Ackermann
15%
Albert
15%
Baier
15%
Beier
15%
Feldmann
15%
Fröhlich
15%
Gerber
15%
Hammer
15%
Heim
15%
Henke
15%
Hesse
15%
Horn
15%
Jakob
15%
Klose
15%
Kunze
15%
Marx
15%
Michel
15%
Reuter
15%
Rothe
15%
Rudolph
15%
Sauer
15%
Schwab
15%
Seifert
15%
Stephan
15%
Anders
14%
Bock
14%
Hamann
14%
Heller
14%
Hinz
14%
Kruse
14%
Lenz
14%
Nagel
14%
Pfeiffer
14%
Sturm
14%
Voigt
14%
Weise
14%
Winkler
14%
Bader
13%
Beckmann
13%
Fleischer
13%
Freund
13%
Frey
13%
Jürgens
13%
Lutz
13%
Merz
13%
Moritz
13%
Sander
13%
Schindler
13%
Schüler
13%
Schütz
13%
Seidel
13%
Thiel
13%
Völker
13%
Walther
13%
Ziegler
13%
Bender
12%
Böhme
12%
Brunner
12%
Decker
12%
Götz
12%
Grimm
12%
Heil
12%
Heinze
12%
Konrad
12%
Lorenz
12%
Mertens
12%
Naumann
12%
Rausch
12%
Schuler
12%
Stock
12%
Wild
12%
Wirtz
12%
Witt
12%
Wolff
12%
Adam
11%
Auer
11%
Binder
11%
Bode
11%
Ebert
11%
Engels
11%
Funk
11%
Kern
11%
Krieger
11%
Kühne
11%
Linder
11%
Mayr
11%
Meißner
11%
Mohr
11%
Reimann
11%
Reinhardt
11%
Siebert
11%
Stahl
11%
Strauß
11%
Wiesner
11%
Wolter
11%
Arndt
10%
Barth
10%
Berndt
10%
Bischoff
10%
Bremer
10%
Breuer
10%
Dorn
10%
Freitag
10%
Geiger
10%
Hanke
10%
Hübner
10%
Hummel
10%
Kirchner
10%
Kraft
10%
Link
10%
Moser
10%
Pfeifer
10%
Rauch
10%
Schrader
10%
Thiele
10%
Wimmer
10%
Baur
9%
Behrens
9%
Fiedler
9%
Funke
9%
Heck
9%
Held
9%
Henkel
9%
Hoppe
9%
Kolb
9%
Kröger
9%
Lohmann
9%
Niemann
9%
Popp
9%
Preuß
9%
Riedel
9%
Röder
9%
Schenk
9%
Sonntag
9%
Steffens
9%
Voß
9%
Wegner
9%
Wenzel
9%
Behrendt
8%
Böttcher
8%
Brinkmann
8%
Eckert
8%
Großmann
8%
Heinemann
8%
Heise
8%
Henning
8%
Hildebrandt
8%
Hiller
8%
Jacob
8%
Köster
8%
Neuhaus
8%
Philipp
8%
Renner
8%
Stoll
8%
Timm
8%
Biermann
7%
Brenner
7%
Burkhardt
7%
Dietz
7%
Eder
7%
Engelmann
7%
Esser
7%
Fleischmann
7%
Hohmann
7%
Jost
7%
Kellner
7%
Kessler
7%
Keßler
7%
Kluge
7%
Körner
7%
Kremer
7%
Linke
7%
Nowak
7%
Schröter
7%
Seiler
7%
Springer
7%
Wirth
7%
Wulf
7%
Zeller
7%
Ahrens
6%
Benz
6%
Bernhardt
6%
Born
6%
Brückner
6%
Engelhardt
6%
Erdmann
6%
Fuhrmann
6%
Gabriel
6%
Gebhardt
6%
Geyer
6%
Göbel
6%
Hartwig
6%
Heuer
6%
Kiefer
6%
Knoll
6%
Kopp
6%
Krebs
6%
Lauer
6%
Lechner
6%
Lindemann
6%
Münch
6%
Neubauer
6%
Oswald
6%
Reichel
6%
Reichert
6%
Scharf
6%
Scherer
6%
Schramm
6%
Schütze
6%
Weidner
6%
Weigel
6%
Witte
6%
Wittmann
6%
Beer
5%
Bruns
5%
Gebauer
5%
Gottschalk
5%
Jacobs
5%
Krauß
5%
Lemke
5%
Marquardt
5%
Michels
5%
Nickel
5%
Rapp
5%
Römer
5%
Schade
5%
Schilling
5%
Schweizer
5%
Seeger
5%
Urban
5%
Vollmer
5%
Wilke
5%
Zander
5%
Albers
4%
Bartels
4%
Barthel
4%
Conrad
4%
Diehl
4%
Dittrich
4%
Eberhardt
4%
Ehlers
4%
Fritsch
4%
Geißler
4%
Giese
4%
Hennig
4%
Hensel
4%
Herold
4%
Neugebauer
4%
Noack
4%
Pieper
4%
Probst
4%
Reimer
4%
Rieger
4%
Rohde
4%
Schlüter
4%
Seitz
4%
Specht
4%
Strobel
4%
Wegener
4%
Wendt
4%
Wunderlich
4%
Appel
3%
Bertram
3%
Bittner
3%
Blank
3%
Block
3%
Buck
3%
Büttner
3%
Eggert
3%
Fricke
3%
Geisler
3%
Gerlach
3%
Greiner
3%
Hagemann
3%
Harms
3%
Hecht
3%
Hempel
3%
Hinrichs
3%
Jordan
3%
Keil
3%
Kuhlmann
3%
Mack
3%
Menzel
3%
Neubert
3%
Nolte
3%
Rupp
3%
Schaefer
3%
Schlegel
3%
Schütte
3%
Straub
3%
Unger
3%
Vetter
3%
Westphal
3%
Wiegand
3%
Winkelmann
3%
Betz
2%
Brüggemann
2%
Buchholz
2%
Bühler
2%
Döring
2%
Dörr
2%
Hartung
2%
Klemm
2%
Kretschmer
2%
Kroll
2%
Löffler
2%
Opitz
2%
Pape
2%
Runge
2%
Schott
2%
Stadler
2%
Wiedemann
2%
Bartsch
1%
Brandl
1%
Eichler
1%
Henschel
1%
Pietsch
1%
Sauter
1%
Scheffler
1%
Stumpf
1%
Wetzel
1%
Wieland
1%
Eichhorn
0%
Wichmann
0%
Keine übereinstimmenden Quizze gefunden
Verteilung der Resultate
Anzahl Personen mit jedem Resultat
Perzentil nach korrekt beantworteten Fragen
Ihre Resultats-Entwicklung
Sie haben dieses Quiz noch nicht gespielt